000 00684nam a2200193Ia 4500
008 220216s9999 xx 000 0 und d
100 _aXinsheng Gao
245 0 _aPhysiological characteristics and adaptability to lower frequency tapping system with stimulation of clone SCATC 8-79 at high exploitation stage
260 _bIRRDB Natural Rubber Conference 2008, 13-15 October 2008, Kuala Lumpur, Malaysia: Abstract of papers
500 _aSource Year: 2008
650 _aPhysiological parameters
650 _aStimulated tapping system
650 _aYield
700 _aHuasun Huang
700 _aWeiguo Li
700 _aWeisuan Zhang
856 _uAbst only
942 _cJS
999 _c64989
_d64989